Proyectos: Formulación y criterios de evaluación
Uloženo v:
| Hlavní autor: | |
|---|---|
| Médium: | Kniha |
| Jazyk: | španělština |
| Vydáno: |
Cuernavaca
Alfaomega
2009
|
| Vydání: | 1a. ed |
| Témata: | |
| Tagy: |
Přidat tag
Žádné tagy, Buďte první, kdo vytvoří štítek k tomuto záznamu!
|
MARC
| LEADER | 00000cam a2200000 a 4500 | ||
|---|---|---|---|
| 001 | UCH5083 | ||
| 003 | CL-VaPUC | ||
| 008 | 090916e20090400MX |||||||||||||||||spa|d | ||
| 020 | |a 9789586827508 | ||
| 082 | 0 | 4 | |a 658.404 |b MUR |2 21 |
| 100 | |a Murcia Murcia, Jairo Darío |e autor |9 541227 | ||
| 245 | 1 | 0 | |a Proyectos: Formulación y criterios de evaluación |
| 250 | |a 1a. ed | ||
| 300 | |a 468 p | ||
| 942 | |c BK | ||
| 945 | |d 20090916 00:00:00 |a dcastane | ||
| 260 | |a Cuernavaca |b Alfaomega |c 2009 | ||
| 650 | 0 | |a Gestión de proyectos |9 260970 | |
| 650 | 0 | |a Proyectos de inversión |9 261065 | |
| 650 | 0 | |a Evaluación de proyectos |9 259341 | |
| 650 | 0 | |a Planificación estratégica |9 259735 | |
| 583 | |a last modification |c 20150929 04:50:08 |k Rodrigo Vera | ||
| 999 | |c 336287 |d 336285 | ||
| 952 | |0 0 |1 0 |4 0 |6 658_404000000000000_MUR_2009 |7 0 |8 R |9 427303 |a BIBENE |b BIBENE |d 2019-11-22 |i 4601971 |o 658.404 MUR 2009 |p 4601971 |r 2025-01-15 |w 2019-11-22 |y BK_R |k ICO | ||
| 952 | |0 0 |1 0 |4 0 |6 658_404000000000000_MUR_2009 |7 0 |8 A |9 427304 |a BIBMEC |b BIBMEC |d 2019-11-22 |i 4737849 |o 658.404 MUR 2009 |p 4737849 |r 2024-01-19 |w 2019-11-22 |y BK |k MEC | ||
| 952 | |0 0 |1 0 |4 0 |6 658_404000000000000_MUR_2009 |7 0 |8 A |9 427305 |a BIBMEC |b BIBMEC |d 2019-11-22 |i 4776127 |o 658.404 MUR 2009 |p 4776127 |r 2024-01-19 |w 2019-11-22 |y BK |k MEC | ||
| 952 | |0 0 |1 0 |3 erb |4 0 |6 658_404000000000000_MUR_2009 |7 0 |8 A |9 427306 |a BIBING |b BIBING |i 5240379 |o 658.404 MUR 2009 |p 5240379 |r 2025-01-20 |w 2019-11-22 |y BK |z Catalogado en:20151002 |k CCI | ||
| 952 | |0 0 |1 0 |3 erb |4 0 |6 658_404000000000000_MUR_2009 |7 0 |8 A |9 427307 |a BIBING |b BIBING |i 5240387 |l 1 |o 658.404 MUR 2009 |p 5240387 |r 2025-01-20 |s 2024-08-07 |w 2019-11-22 |y BK |z Catalogado en:20151002 |k CCI | ||
| 952 | |0 0 |1 0 |3 erb |4 0 |6 658_404000000000000_MUR_2009 |7 0 |8 A |9 427308 |a BIBING |b BIBING |i 5240395 |o 658.404 MUR 2009 |p 5240395 |r 2025-01-20 |w 2019-11-22 |y BK |z Catalogado en:20151002 |k CCI | ||
| 952 | |0 0 |1 0 |3 erb |4 0 |6 658_404000000000000_MUR_2009 |7 0 |8 A |9 427309 |a BIBING |b BIBING |i 5240409 |o 658.404 MUR 2009 |p 5240409 |r 2025-01-20 |w 2019-11-22 |y BK |z Catalogado en:20151002 |k CCI | ||
| 952 | |0 0 |1 0 |3 erb |4 0 |6 658_404000000000000_MUR_2009 |7 0 |8 A |9 427310 |a BIBING |b BIBING |i 5240417 |o 658.404 MUR 2009 |p 5240417 |r 2025-01-20 |w 2019-11-22 |y BK |z Catalogado en:20151002 |k CCI | ||
| 952 | |0 0 |1 0 |3 erb |4 0 |6 658_404000000000000_MUR_2009 |7 0 |8 A |9 427311 |a BIBING |b BIBING |i 5240425 |o 658.404 MUR 2009 |p 5240425 |r 2025-01-20 |w 2019-11-22 |y BK |z Catalogado en:20151002 |k CCI | ||
| 952 | |0 0 |1 0 |3 erb |4 0 |6 658_404000000000000_MUR_2009 |7 0 |8 A |9 427312 |a BIBING |b BIBING |i 5240433 |o 658.404 MUR 2009 |p 5240433 |r 2025-01-20 |w 2019-11-22 |y BK |z Catalogado en:20151002 |k CCI | ||
| 952 | |0 0 |1 0 |3 erb |4 0 |6 658_404000000000000_MUR_2009 |7 0 |8 A |9 427313 |a BIBING |b BIBING |i 5240441 |o 658.404 MUR 2009 |p 5240441 |r 2025-01-20 |w 2019-11-22 |y BK |z Catalogado en:20151002 |k CCI | ||
| 952 | |0 0 |1 0 |3 erb |4 0 |6 658_404000000000000_MUR_2009 |7 0 |8 A |9 427314 |a BIBING |b BIBING |i 524045K |o 658.404 MUR 2009 |p 524045K |r 2025-01-20 |w 2019-11-22 |y BK |z Catalogado en:20151002 |k CCI | ||
| 952 | |0 0 |1 0 |3 erb |4 0 |6 658_404000000000000_MUR_2009 |7 0 |8 A |9 427315 |a BIBING |b BIBING |i 5240468 |o 658.404 MUR 2009 |p 5240468 |r 2025-01-20 |w 2019-11-22 |y BK |z Catalogado en:20151002 |k CCI | ||